Catálogo público

Normal view MARC view

Entry Término temático

Number of records used in: 185

001 - NÚMERO DE CONTROL

  • campo de control: 82440

003 - IDENTIFICADOR DEL NÚMERO DE CONTROL

  • campo de control: OSt

005 - FECHA Y HORA DE LA ÚLTIMA TRANSACCIÓN

  • campo de control: 20220127112318.0

008 - DATOS DE LONGITUD FIJA

  • campo de control de longitud fija: 971016|| azznnbab| un and |u

040 ## - FUENTE DE LA CATALOGACIÓN

  • Centro catalogador/agencia de origen: OSt
  • Centro/agencia transcriptor: OSt

150 00 - ENCABEZAMIENTO--TÉRMINO DE MATERIA

  • Término de materia o nombre geográfico como elemento de entrada: Árboles
  • Subdivisión general: Plagas

450 00 - TRAZADO DE VÉASE--TÉRMINO DE MATERIA

  • Término de materia o nombre geográfico como elemento de entrada: Entomología forestal